| 000 | 00917cam a22003017a 4500 | ||
|---|---|---|---|
| 003 | CHAP | ||
| 005 | 20220817043556.0 | ||
| 008 | 990827s1998 it a rn 00010 eng d | ||
| 010 | _a78891 | ||
| 011 | _a79863 | ||
| 020 | _a9251042136 | ||
| 035 | _a90277 | ||
| 040 | _cCHAP | ||
| 082 | 0 | 4 |
_a634.98 _bF3 v.10 |
| 110 | 2 | _aFAO | |
| 245 | 1 | 0 |
_aTropical palms _c/by Dennis V. Johnson |
| 260 |
_aRome : _bFAO. Oficina Regional para Asia y el Pacífico, _c1998. |
||
| 300 |
_a166 p. : _bilus. |
||
| 490 | 0 |
_aFAO. Productos forestales no madereros _v; 10 |
|
| 590 |
_aBATCH-UPD _b10 _c20130110 _lUCH01 _h0922 |
||
| 590 |
_aCONVERSION _b10 _c20130109 _lUCH01 _h1344 |
||
| 650 | 4 |
_aPalmas. _984969 |
|
| 830 | 0 |
_aFAO. Productos forestales no madereros _v; 10 _939663 |
|
| 901 | _aBK | ||
| 905 | _aLilia Sánchez G. | ||
| 942 | _cLIBRO | ||
| 949 |
_a634.98 F3 v.10 _bBC _cFAO _d33724000739090 _eFAO1 _h96293 _i90277 _kDonaciØn _sb |
||
| 999 |
_c78891 _d78891 |
||